|
|
|
|
| LEADER |
01253nam a22003492a 4500 |
| 001 |
001397623 |
| 003 |
CZ BrMZK |
| 005 |
20140811095945.0 |
| 007 |
ta |
| 008 |
140625s1960 xo er|||||||||||slo d |
| 040 |
|
|
|a ABA001
|b cze
|d ABA009
|d BOA001
|
| 041 |
0 |
|
|a slo
|b ger
|b rus
|
| 072 |
|
7 |
|a 51
|x Matematika
|2 Konspekt
|9 13
|
| 080 |
|
|
|a 519.2:519.816
|2 MRF
|
| 080 |
|
|
|a 519.816:519.2
|2 MRF
|
| 100 |
1 |
|
|a Halaj, Ján,
|d 1919-1997
|7 jn20000602770
|4 aut
|4 com
|
| 245 |
1 |
0 |
|a Matematicko-štatistické metódy v hospodárskej úprave a pestovaní lesa /
|c zostavil Ján Halaj
|
| 260 |
|
|
|a Bratislava :
|b Slovenská akadémia vied,
|c 1960
|
| 300 |
|
|
|a 339 s., příl.
|
| 504 |
|
|
|a Obsahuje bibliografii
|
| 546 |
|
|
|a Německé a ruské resumé
|
| 650 |
0 |
7 |
|a podniky lesní
|2 czenas
|
| 650 |
0 |
7 |
|a řízení
|2 czenas
|
| 650 |
0 |
7 |
|a ekonomika
|2 czenas
|
| 650 |
0 |
7 |
|a statistika
|2 czenas
|
| 650 |
0 |
7 |
|a lesní hospodářství
|2 czenas
|
| 653 |
0 |
|
|a metody matematicko-statistické
|
| 910 |
|
|
|a BOA001
|b 2-0439.538
|b 2-0440.160
|
| 990 |
|
|
|a BK
|
| 991 |
|
|
|b 201406
|
| 996 |
7 |
|
|b 2619095771
|c 2-0439.538
|l MZK
|r Sklad / do 24 hodin
|n 1
|w 001432688
|u 000010
|a 1
|e BOA001
|j MZK50
|s A
|
| 996 |
7 |
|
|b 2619096398
|c 2-0440.160
|l MZK
|r Sklad / do 24 hodin
|n 0
|w 001432688
|u 000020
|a 1
|e BOA001
|j MZK50
|s A
|